A syllabus of Indian civilization/ (Record no. 18532)

MARC details
000 -LEADER
fixed length control field 00845cam a2200277 4500
001 - CONTROL NUMBER
control field 293511
003 - CONTROL NUMBER IDENTIFIER
control field BDDh-ASL
005 - DATE AND TIME OF LATEST TRANSACTION
control field 20231015025719.0
008 - FIXED-LENGTH DATA ELEMENTS--GENERAL INFORMATION
fixed length control field 711102s1971 nyub b 000 0 eng
010 ## - LIBRARY OF CONGRESS CONTROL NUMBER
LC control number 70168868
020 ## - INTERNATIONAL STANDARD BOOK NUMBER
International Standard Book Number 0231035608
040 ## - CATALOGING SOURCE
Original cataloging agency DLC
Transcribing agency DLC
Modifying agency BDDh-ASL
043 ## - GEOGRAPHIC AREA CODE
Geographic area code a-ii---
050 00 - LIBRARY OF CONGRESS CALL NUMBER
Classification number DS423
Item number .G68
082 00 - DEWEY DECIMAL CLASSIFICATION NUMBER
Classification number 954
Item number GOS
100 1# - MAIN ENTRY--PERSONAL NAME
Personal name Gordon, Leonard A.
245 12 - TITLE STATEMENT
Title A syllabus of Indian civilization/
Statement of responsibility, etc. by Leonard A. Gordon and Barbara Stoler Miller.
260 ## - PUBLICATION, DISTRIBUTION, ETC.
Place of publication, distribution, etc. New York:
Name of publisher, distributor, etc. Columbia University Press,
Date of publication, distribution, etc. 1971.
300 ## - PHYSICAL DESCRIPTION
Extent viii, 182 p.
Other physical details maps.
Dimensions 24 cm.
350 ## - PRICE (NR) (BK AM CF MU VM SE) [OBSOLETE]
Price $3.25
504 ## - BIBLIOGRAPHY, ETC. NOTE
Bibliography, etc. note Includes bibliographies.
651 #0 - SUBJECT ADDED ENTRY--GEOGRAPHIC NAME
Geographic name India
General subdivision Civilization
-- Outlines, syllabi, etc.
700 1# - ADDED ENTRY--PERSONAL NAME
Personal name Miller, Barbara Stoler,
Relator term joint author.
906 ## - LOCAL DATA ELEMENT F, LDF (RLIN)
a 7
b cbc
c orignew
d 2
e ncip
f 19
g y-gencatlg
942 ## - ADDED ENTRY ELEMENTS (KOHA)
Source of classification or shelving scheme Dewey Decimal Classification
Koha item type Books
Holdings
Withdrawn status Lost status Source of classification or shelving scheme Damaged status Not for loan Collection code Home library Current library Shelving location Date acquired Source of acquisition Total Checkouts Full call number Barcode Date last seen Copy number Price effective from Koha item type Public note
    Dewey Decimal Classification   Not For Loan Non-fiction Asiatic Society Library Asiatic Society Library Harrison Collection 10/13/2020 Donated by Prof. John B. Harrison   954 GOS 101724 10/13/2020 C-1 10/13/2020 Books RARE

Powered by Koha